[Event "JUG-chT"]
[Site "Budva"]
[Date "1996.??.??"]
[Round "1"]
[White "Drasko, Milan"]
[Black "Pikula, Dejan"]
[Result "1/2-1/2"]
[WhiteElo "2505"]
[BlackElo "2455"]

1.d4 Nf6 2.c4 g6 3.Nf3 Bg7 4.g3 O-O 5.Bg2 d6 6.O-O Nc6 7.Nc3 a6 8.Bd2 Rb8
9.Rc1 Bd7 10.d5 Na5 11.b3 c5 12.dxc6 Nxc6 13.Bf4 Qa5 14.Qd2 Qh5 15.Nd5 Rbd8
16.Rfd1 Bh3 17.Ng5 Bxg2 18.Kxg2 h6 19.Nxf6+ Bxf6 20.Ne4 Bg7 21.f3 f5 22.Nf2 g5
23.Be3 Qg6 24.Bb6 Rc8 25.a4 h5 26.a5 Rf7 27.Kh1 g4 28.f4 Re8 29.e4 e5 30.exf5 Qxf5
31.Re1 Qg6 32.Qd3 Qxd3 33.Nxd3 Rfe7 34.Re4 exf4 35.Rxe7 Rxe7 36.Nxf4 Bh6
37.Rd1 Bxf4 38.gxf4 Re4 39.Rxd6 Rxf4 40.Rd5 h4 41.Kg2 Re4 42.Bf2 h3+ 43.Kg3 Ne5
44.Rd1 Nf3 45.Rd3 Re2 46.Re3 Rb2 47.Kxg4 Nxh2+ 48.Kxh3 Rxf2 49.Re7 Rf3+ 50.Kxh2 Rxb3
51.Kg2 Kf8 52.Rh7 Rb4 53.Kf2 Rxc4 54.Rxb7 Rc5 55.Ke3 Rxa5 56.Kd3  1/2-1/2

[Event "JUG-chT"]
[Site "Budva"]
[Date "1996.??.??"]
[Round "6"]
[White "Vukic, Milan"]
[Black "Ilincic, Zlatko"]
[Result "0-1"]
[WhiteElo "2460"]
[BlackElo "2555"]

1.Nf3 g6 2.c4 Bg7 3.d4 Nf6 4.g3 O-O 5.Bg2 d6 6.O-O Nbd7 7.Nc3 e5 8.e4 exd4
9.Nxd4 Re8 10.Re1 Nc5 11.h3 h6 12.Rb1 a5 13.b3 Bd7 14.Bf4 Nh7 15.Qd2 Ng5
16.h4 Bxd4 17.hxg5 Bxc3 18.Qxc3 hxg5 19.Bc1 Bc6 20.Bb2 f6 21.Re3 g4 22.Rbe1 Re6
23.f4 gxf3 24.Rxf3 Nxe4 25.Qc2 Qe7 26.Rf4 Re8 27.Bxe4 Bxe4 28.Qc3 Bf5 29.Rxe6 Qxe6
30.g4 Qe2 31.gxf5 Re3 32.Qxe3 Qxe3+ 33.Rf2 gxf5 34.Bxf6 f4 35.Bg5 Qe1+ 36.Kg2 Qe4+
37.Kh2 Qh7+ 38.Kg1 Qg6  0-1

[Event "Cairo op"]
[Site "Cairo"]
[Date "1996.??.??"]
[Round "3"]
[White "Frhat, Ali"]
[Black "Abdel Aziem, Ramadan"]
[Result "1-0"]
[WhiteElo "2220"]
[BlackElo "2260"]

1.d4 Nf6 2.c4 g6 3.Nf3 Bg7 4.g3 O-O 5.Bg2 d6 6.O-O Nc6 7.Nc3 a6 8.h3 Rb8
9.e4 e5 10.d5 Na5 11.Nd2 c5 12.a3 Qc7 13.Qe2 b6 14.b4 Nb7 15.Nb3 Bd7 16.Bg5 h6
17.Be3 Rfc8 18.Nd2 b5 19.cxb5 cxb4 20.axb4 Qxc3 21.bxa6 Nd8 22.a7 Ra8 23.b5 Rc5
24.Bxc5 Qxc5 25.Rfb1 Qb6 26.Nc4 Qc5 27.b6 Nb7 28.Bf1 Bc8 29.Na5 Nxa5 30.Rb5 Qd4
31.Raxa5 Bb7 32.Bg2 Bf8 33.Qc2 Ne8 34.Ra4  1-0

[Event "Cairo op"]
[Site "Cairo"]
[Date "1996.??.??"]
[Round "7"]
[White "Moh Abdel, Zaher"]
[Black "Abdel Aziem, Ramadan"]
[Result "1/2-1/2"]
[WhiteElo "2285"]
[BlackElo "2260"]

1.d4 Nf6 2.c4 g6 3.Nf3 Bg7 4.g3 O-O 5.Bg2 d6 6.O-O Nc6 7.Nc3 Nd7 8.Bg5 h6
9.Be3 e5 10.Qd2 Kh7 11.h3 f5 12.dxe5 dxe5 13.Rad1 Rf7 14.Nd5 Nf8 15.Qc1 Qe8
16.b4 Ne6 17.b5 Ncd4 18.Rfe1 c6 19.Nc3 cxb5 20.Bxd4 Nxd4 21.Nxd4 exd4 22.Nxb5 f4
23.Nd6 Qe7 24.Nxf7 fxg3 25.fxg3 Qxf7 26.Rf1 Qe7 27.Qc2 Qg5 28.Kh2 Be5 29.Qb3 h5
30.Rd3 h4 31.c5 Bf5 32.Qxb7+ Kh6 33.Rxf5 Bxg3+ 34.Kg1 Qxf5 35.Rf3 Rb8 36.Rxf5 Rxb7
37.Rf1 Rb2 38.Bf3 Rc2 39.c6 a5 40.a4 Kg5 41.Rb1 Rc4 42.Be4 Rxa4 43.Rb5+ Kf6
44.Rc5 Bc7 45.Rd5 Ra1+ 46.Kg2 Re1 47.Bd3 Rc1 48.Rxd4 Rxc6 49.Rxh4 Rc5 50.Rc4 Rxc4
51.Bxc4  1/2-1/2

[Event "Cannes op"]
[Site "Cannes"]
[Date "1996.??.??"]
[Round "1"]
[White "David, Vincent"]
[Black "Fercec, Nenad"]
[Result "0-1"]
[WhiteElo "2285"]
[BlackElo "2405"]

1.d4 Nf6 2.c4 g6 3.Nf3 Bg7 4.g3 O-O 5.Bg2 d6 6.O-O Nbd7 7.Qc2 e5 8.Rd1 Re8
9.e4 exd4 10.Nxd4 c6 11.h3 a5 12.Nc3 a4 13.Rb1 Nc5 14.Bf4 Nh5 15.Be3 Qe7
16.b4 axb3 17.axb3 Nf6 18.f3 d5 19.cxd5 cxd5 20.e5 Qxe5 21.Bf4 Qe7 22.Qf2 Rd8
23.g4 h5 24.Rb2 hxg4 25.hxg4 Ne6 26.Be3 Qb4 27.Nce2 Bd7 28.Rbd2 Re8 29.Nxe6 Bxe6
30.Nd4 Bxg4 31.Nc2 Qxb3 32.Rd3 Qc4 33.Rd4 Qc3 34.fxg4 Nxg4 35.Qf3 Qxc2 36.Rxg4 Rxe3
37.Qxd5 Re5 38.Qxb7 Qxd1+  0-1

[Event "Cannes op"]
[Site "Cannes"]
[Date "1996.??.??"]
[Round "3"]
[White "David, Vincent"]
[Black "Giffard, Nicolas"]
[Result "0-1"]
[WhiteElo "2285"]
[BlackElo "2400"]

1.d4 Nf6 2.c4 d6 3.Nf3 g6 4.g3 Bg7 5.Bg2 O-O 6.O-O Nc6 7.Nc3 Bf5 8.d5 Na5
9.Nd4 Bd7 10.Qd3 c5 11.Nc2 a6 12.Rb1 Rb8 13.b3 b5 14.Bb2 Ne8 15.Rfe1 e5 16.dxe6 fxe6
17.e4 Nc6 18.Nd1 bxc4 19.bxc4 Bxb2 20.Rxb2 Rxb2 21.Nxb2 Qa5 22.Re3 Qxa2 23.Qc3 e5
24.Qb3 Qb1+ 25.Re1 Nd4 26.Rxb1 Nxb3 27.Nd1 Nd2 28.Ra1 Nc7 29.Nde3 Rb8 30.Na3 Rb2
31.Rd1 Ne8 32.Nf1 Nxf1 33.Bxf1 Ra2 34.Rd3 Kf8 35.Nb1 Ra1 36.Nd2 Bh3 37.f4 Rd1
38.fxe5 dxe5 39.Rf3+ Ke7 40.Rf2 Nd6  0-1

[Event "Cannes op"]
[Site "Cannes"]
[Date "1996.??.??"]
[Round "4"]
[White "David, Vincent"]
[Black "Golubovic, Boris"]
[Result "1/2-1/2"]
[WhiteElo "2285"]
[BlackElo "2385"]

1.d4 Nf6 2.c4 g6 3.Nf3 Bg7 4.g3 O-O 5.Bg2 d6 6.O-O Nbd7 7.Nc3 e5 8.e4 a6
9.Re1 exd4 10.Nxd4 Ng4 11.h3 Nge5 12.b3 Nc5 13.Be3 a5 14.Qc2 Ned3 15.Red1 Nb4
16.Qc1 Bd7 17.Rb1 Re8 18.a3 Nbd3 19.Qc2 Ne5 20.f4 Nc6 21.Nxc6 bxc6 22.Bxc5 dxc5
23.e5 Qc8 24.Kh1 f6 25.exf6 Bxf6 26.Ne4 Be7 27.Qc3 Bf5 28.Rb2 Rd8 29.Rbd2  1/2-1/2

[Event "Cannes Martinez op"]
[Site "Cannes"]
[Date "1996.??.??"]
[Round "4"]
[White "Kutirov, Rolando"]
[Black "Colovic, Aleksandar"]
[Result "1/2-1/2"]
[WhiteElo "2525"]
[BlackElo "2285"]

1.d4 Nf6 2.c4 g6 3.Nf3 Bg7 4.g3 O-O 5.Bg2 d6 6.Nc3 Nc6 7.O-O Bg4 8.d5 Na5
9.Nd2 c5 10.h3 Bd7 11.Qc2 e5 12.dxe6 Bxe6 13.b3 Nc6 14.Bb2 d5 15.cxd5 Nd4
16.Qd1 Nxd5 17.Rc1 Rc8 18.e3 Nc6 19.Nde4 b6 20.Qe2 Nxc3 21.Bxc3 Bxc3 22.Rxc3 Qe7
23.Rd1 Rfd8 24.Rcd3 Bf5 25.Nd6 Bxd3 26.Nxc8 Qc7 27.Rxd3 Qxc8 28.Rxd8+ Nxd8
29.Qd3 Ne6 30.h4 Qc7 31.Bh3 Ng7 32.Qe4 Nh5 33.Bf1 Nf6 34.Qf3 Kg7 35.Bc4 Qd7
36.Qe2 Qd6 37.Qf3 Qd7 38.Qf4 b5 39.Be2 a6 40.h5 Qh3 41.g4 h6 42.hxg6 Kxg6
43.Qe5 Qh4 44.Kg2 Qg5 45.Bd3+ Kg7 46.Bf5 Qh4 47.Qxc5 h5 48.gxh5 Qg5+ 49.Kf1 Qxh5
50.Qe5 b4 51.Qg3+ Kf8 52.Bc2 a5 53.Qd6+ Kg7 54.Qd4 Qf3 55.Ke1 Qc6 56.Kd2 Qf3
57.Qh4 Qd5+ 58.Kc1 Qc5 59.Kb1 Qc3 60.f4 Kf8 61.e4 Qd4 62.Qh6+ Ke7 63.Qg7 Qc3
64.Qg1 Nd7 65.e5 Nc5 66.Qf1 Ne6 67.Qc4 Qxc4 68.bxc4 Nxf4 69.Bf5 Ne2 70.Kb2 Nd4
71.Bb1 Ne6 72.a3 Nc5 73.Bc2 Ke8 74.axb4 axb4 75.Bf5 f6  1/2-1/2

[Event "Cannes Martinez op"]
[Site "Cannes"]
[Date "1996.??.??"]
[Round "6"]
[White "Kutirov, Rolando"]
[Black "Levacic, Patrick"]
[Result "1-0"]
[WhiteElo "2525"]
[BlackElo "2345"]

1.d4 Nf6 2.c4 g6 3.Nf3 Bg7 4.g3 O-O 5.Bg2 d6 6.Nc3 Nbd7 7.O-O e5 8.e4 h6
9.b3 Nh7 10.dxe5 dxe5 11.Be3 c6 12.Qd2 h5 13.Rad1 Qe7 14.Qd6 Qxd6 15.Rxd6 Ndf6
16.Rfd1 Ne8 17.R6d3 Nc7 18.Bc5 Re8 19.Bd6 Na6 20.h3 f6 21.Nh4 Kf7 22.f4 exf4
23.gxf4 Bf8 24.f5 gxf5 25.Bf3 Bxd6 26.Bxh5+ Kg7 27.Rxd6 Rh8 28.Ng6 Rg8 29.Ne7 Rh8
30.Rd8 Be6 31.Rxa8 Rxa8 32.Rd6 Bf7 33.Nxf5+  1-0

[Event "Cannes Martinez op"]
[Site "Cannes"]
[Date "1996.??.??"]
[Round "7"]
[White "Kutirov, Rolando"]
[Black "Golubovic, Boris"]
[Result "1/2-1/2"]
[WhiteElo "2525"]
[BlackElo "2420"]

1.d4 Nf6 2.c4 g6 3.Nf3 Bg7 4.g3 O-O 5.Bg2 d6 6.Nc3 Nbd7 7.O-O e5 8.e4 c6
9.b3 Re8 10.h3 exd4 11.Nxd4 Nc5 12.Re1 a5 13.Bf4 a4 14.Rb1 axb3 15.axb3 h6
16.Qc2 Nfd7 17.Red1 Ne5 18.Be3 Na6 19.Nde2 Nb4 20.Qd2 Bxh3 21.Bxh6 Bxg2 22.Kxg2 Qf6
23.Bf4 Ned3 24.Be3 Ne5 25.f4 Ned3 26.Bd4 Qe6 27.Qe3 Nc5 28.Bxc5 dxc5 29.e5 b6
30.Ne4 Ra2 31.Nc3 Rc2 32.Rd2 f6 33.Rxc2 Nxc2 34.Qd3 Nd4 35.Qxg6 fxe5 36.Qxe6+ Rxe6
37.b4 Nxe2 38.Nxe2 exf4 39.Nxf4 Re4 40.bxc5 bxc5 41.Rc1 Bd4 42.Rc2 Re3 43.Kh3 Kf7
44.Kg4 Kf6 45.Ng2 Rb3 46.Nh4 Ke5 47.Nf3+ Ke4  1/2-1/2

[Event "Cannes op"]
[Site "Cannes"]
[Date "1996.??.??"]
[Round "8"]
[White "Cvitan, Ognjen"]
[Black "David, Alberto"]
[Result "1-0"]
[WhiteElo "2540"]
[BlackElo "2455"]

1.d4 Nf6 2.Nf3 g6 3.c4 Bg7 4.g3 O-O 5.Bg2 d6 6.O-O Nc6 7.Nc3 a6 8.d5 Na5
9.Nd2 c5 10.Qc2 Rb8 11.b3 b5 12.Rb1 e5 13.e4 Bh6 14.cxb5 axb5 15.b4 cxb4
16.Rxb4 Ba6 17.Qb1 Nd7 18.Re1 Nc5 19.Bf1 f5 20.exf5 gxf5 21.Nxb5 e4 22.a4 Qf6
23.Bb2 Qg6 24.Qc2 Rb7 25.Bd4 Bxd2 26.Qxd2 Nab3 27.Qf4 Nxd4 28.Rxd4 Rf6 29.Rc1 Re7
30.Rb4 e3 31.fxe3 Re4 32.Rxe4 fxe4 33.Qh4 Qf5 34.g4 Qe5 35.Nd4 Bc8 36.Be2 h6
37.Rf1 Kg7 38.Rxf6 Qxf6 39.Qxf6+ Kxf6 40.a5 Ke7 41.Nc6+ Kf6 42.Kf2  1-0

[Event "Cannes Martinez op"]
[Site "Cannes"]
[Date "1996.??.??"]
[Round "9"]
[White "Kutirov, Rolando"]
[Black "Midoux, Sebastien"]
[Result "1-0"]
[WhiteElo "2525"]
[BlackElo "2245"]

1.d4 Nf6 2.c4 g6 3.Nf3 Bg7 4.g3 O-O 5.Bg2 d6 6.Nc3 c6 7.O-O Qa5 8.h3 Be6
9.Nd2 d5 10.Nb3 Qd8 11.cxd5 cxd5 12.Nc5 Bc8 13.Bg5 Nc6 14.e3 e6 15.g4 b6
16.Nd3 Ba6 17.Re1 Rc8 18.Ne5 h6 19.Bh4 g5 20.Bg3 Nd7 21.Nxc6 Rxc6 22.Qa4 Qc8
23.Nb5 Bxb5 24.Qxb5 a6 25.Qf1 Qb7 26.Rac1 Rfc8 27.Rxc6 Qxc6 28.Qxa6 Ra8 29.Qf1 Rxa2
30.Rc1 Qa4 31.Rc8+ Nf8 32.Qe2 Qb4 33.Rc2 Bf6 34.Bf1 Be7 35.Kg2 Ng6 36.Qb5 Kg7
37.Qxb4 Bxb4 38.Bd3 Kf6 39.f4 gxf4 40.exf4 Ra1 41.f5 Nf8 42.Be5+ Kg5 43.fxe6 Nxe6
44.Rf2  1-0

[Event "EU-ch Rapid-30'"]
[Site "Cap d`Agde"]
[Date "1996.??.??"]
[Round "?"]
[White "Akopian, Vladimir"]
[Black "Hansen, Curt"]
[Result "0-1"]
[WhiteElo "2630"]
[BlackElo "2595"]

1.d4 Nf6 2.c4 g6 3.Nf3 Bg7 4.g3 O-O 5.Bg2 d6 6.O-O c6 7.Nc3 Qa5 8.h3 e5 9.e4 Nbd7
10.Re1 exd4 11.Nxd4 Ne5 12.Bf1 Re8 13.f4 Qc5 14.Be3 Nxc4 15.Bf2 Nxb2 16.Qb3 Ng4
17.hxg4 Bxd4 18.Bxd4 Qxd4+ 19.Kg2 Nd3 20.Bxd3 Qxd3 21.Rad1 Qa6 22.f5 Qb6
23.Qc2 Qc5 24.Qd2 Qe5 25.Rh1 b5 26.Rde1 b4 27.Nd1 c5 28.Nf2 Bb7 29.Qh6 Qg7
30.Qh4 g5 31.Qh5 f6 32.Kf3 d5 33.Rd1 Re5 34.Nd3 dxe4+  0-1

[Event "Cappelle op"]
[Site "Cappelle la Grande "]
[Date "1996.??.??"]
[Round "1"]
[White "Tregubov, Pavel V"]
[Black "Dworakowska, Joanna"]
[Result "1-0"]
[WhiteElo "2470"]
[BlackElo "2265"]

1.d4 Nf6 2.Nf3 g6 3.c4 Bg7 4.g3 O-O 5.Bg2 d6 6.O-O c6 7.Nc3 Nbd7 8.e4 e5
9.b3 Qe7 10.h3 exd4 11.Nxd4 Nc5 12.Re1 a5 13.Bf4 Rd8 14.Qd2 Ne6 15.Nf5 Qc7
16.Nxg7 Nxf4 17.Qxf4 Kxg7 18.Rad1 Be6 19.Rd4 Ne8 20.Red1 Rdc8 21.Bf1 Qe7
22.e5 dxe5 23.Qxe5+ Kg8 24.Na4 Qc7 25.Qxc7 Rxc7 26.Nb6 Rb8 27.c5 Re7 28.Ra4 Nc7
29.Rxa5 Rbe8 30.Ra7 Nd5 31.Bg2 Nc3 32.Re1 Bf5 33.Rxe7 Rxe7 34.g4 Bb1 35.a4 g5
36.Nc4 Re1+ 37.Kh2 Ne4 38.Rxb7 Nxc5 39.Rb8+ Kg7 40.Bxc6 Bc2 41.Rb5 Nxb3 42.Ne3 Re2
43.Kg3 Nd4 44.Rxg5+ Bg6 45.Nf5+  1-0

[Event "Cappelle op"]
[Site "Cappelle la Grande "]
[Date "1996.??.??"]
[Round "2"]
[White "Rogozenko, Dorin"]
[Black "Kovalev, Andrei"]
[Result "1/2-1/2"]
[WhiteElo "2430"]
[BlackElo "2495"]

1.d4 Nf6 2.c4 g6 3.Nf3 Bg7 4.g3 d6 5.Bg2 O-O 6.Nc3 Nbd7 7.O-O e5 8.e4 a6
9.h3 Rb8 10.Be3 b5 11.cxb5 axb5 12.a3 b4 13.axb4 Rxb4 14.Qc2 exd4 15.Nxd4 Bb7
16.Rfd1 Re8 17.Nd5 Nxd5 18.exd5 Nc5 19.Ra2 Rxe3 20.fxe3 Qg5 21.Ne2 Qxe3+
22.Kh2 Ba6 23.Qd2 Qxe2 24.Rxa6 Rxb2 25.Ra8+ Bf8 26.Qxe2 Rxe2 27.Rc8 h5 28.Ra1 Kg7
29.Rxc7 Nd3 30.Kg1 Re3 31.Rc3 Rxg3 32.Rd1 Rxg2+ 33.Kxg2 Nf4+ 34.Kf1 g5 35.h4 g4
36.Rc7  1/2-1/2

[Event "Cappelle op"]
[Site "Cappelle la Grande "]
[Date "1996.??.??"]
[Round "2"]
[White "Kharitonov, Andrei Y"]
[Black "David, Alberto"]
[Result "1/2-1/2"]
[WhiteElo "2560"]
[BlackElo "2455"]

1.d4 Nf6 2.Nf3 g6 3.c4 Bg7 4.g3 O-O 5.Bg2 d6 6.Nc3 Nc6 7.O-O a6 8.d5 Na5
9.Nd2 c5 10.Rb1 Rb8 11.b3 b5 12.Bb2 e5 13.dxe6 Bxe6 14.cxb5 axb5 15.Nde4 Rb6
16.Nxf6+ Bxf6 17.Qd2 b4 18.Nd5 Bxd5 19.Bxd5 Nc6 20.Rfd1 Kg7 21.Bg2 Na7 22.a4 bxa3
23.Bxf6+ Qxf6 24.Qa5 Nc8 25.Qxa3 Ne7 26.Rd3  1/2-1/2

[Event "Cappelle op"]
[Site "Cappelle la Grande "]
[Date "1996.??.??"]
[Round "3"]
[White "Kasimdzhanov, Rustam"]
[Black "Stanec, Nikolaus"]
[Result "1-0"]
[WhiteElo "2425"]
[BlackElo "2490"]

1.d4 Nf6 2.c4 g6 3.g3 Bg7 4.Bg2 O-O 5.Nf3 d6 6.O-O Nc6 7.Nc3 a6 8.d5 Na5
9.Nd2 c5 10.Qc2 Rb8 11.b3 b5 12.Bb2 Ng4 13.Nd1 Bxb2 14.Nxb2 bxc4 15.bxc4 Bd7
16.Nd3 Qc7 17.Qc3 Nb7 18.Rab1 Qa5 19.Rfc1 Ne5 20.Nxe5 dxe5 21.e4 Ba4 22.Qxa5 Nxa5
23.f4 f6 24.Bh3 Kg7 25.Kf2 h5 26.Ke3 h4 27.fxe5 fxe5 28.gxh4 Rxb1 29.Rxb1 Rf4
30.Rb6 Bc2 31.Bg2 Rg4 32.Bf3 Rxh4 33.Rxa6 Nb7 34.Ra7 Nd6 35.Rxe7+ Nf7 36.Nf1 Kf8
37.Re6 g5 38.Bg2 Rg4 39.Ng3 Rh4 40.h3 g4 41.Nf5 Rh7  1-0

[Event "Cappelle op"]
[Site "Cappelle la Grande "]
[Date "1996.??.??"]
[Round "7"]
[White "Baburin, Alexander"]
[Black "Nijboer, Friso"]
[Result "0-1"]
[WhiteElo "2505"]
[BlackElo "2475"]

1.d4 Nf6 2.c4 g6 3.Nf3 Bg7 4.g3 O-O 5.Bg2 d6 6.O-O a6 7.Nc3 Nc6 8.d5 Na5
9.Nd2 c5 10.Qc2 Rb8 11.b3 b5 12.Bb2 Ng4 13.h3 Nh6 14.e4 e5 15.Ne2 Bd7 16.Rab1 f5
17.f4 Qe7 18.Bc3 Nb7 19.Rbe1 Rbe8 20.Kh2 g5 21.fxe5 Bxe5 22.Nf3 Bxc3 23.Nxc3 Qg7
24.exf5 Nxf5 25.Ne4 g4 26.hxg4 Nh6 27.g5 Ng4+ 28.Kg1 Bf5 29.Bh3 Bxe4 30.Rxe4 Ne3
31.Rxe8 Nxc2 32.Be6+ Kh8 33.Rxf8+ Qxf8 34.Ne1 Qg7 35.Rf7 Qxf7 36.Bxf7 Nxe1
37.a4 bxc4 38.bxc4 Na5  0-1

[Event "Cappelle op"]
[Site "Cappelle la Grande "]
[Date "1996.??.??"]
[Round "7"]
[White "Nenashev, Alexander"]
[Black "Murrey, Jacob"]
[Result "1-0"]
[WhiteElo "2595"]
[BlackElo "2495"]

1.d4 Nf6 2.c4 g6 3.Nf3 Bg7 4.g3 O-O 5.Bg2 d6 6.O-O Nc6 7.Nc3 Bf5 8.d5 Na5
9.Nd4 Bd7 10.Qd3 c5 11.Nc2 a6 12.b3 b5 13.Rb1 Rb8 14.Bd2 e6 15.dxe6 Bxe6
16.Ne3 Qb6 17.Rfd1 Rfd8 18.Ne4 Nxe4 19.Bxe4 Nc6 20.Nd5 Bxd5 21.Bxd5 Rd7 22.Kg2 Nb4
23.Bxb4 cxb4 24.Rbc1 Rc7 25.h4 Bc3 26.h5 Kf8 27.Rxc3 bxc3 28.Qxc3 gxh5 29.Qh8+ Ke7
30.Qg7 Rf8 31.Rd3 Ke8 32.Qf6 Kd7 33.Be4 Qc5 34.Rd5 Qb4 35.a3 Qxa3 36.c5 Kc8
37.cxd6 Rd7 38.Bf5 Rd8 39.Qxf7 Qc1 40.Bxd7+ Rxd7 41.Qe8+ Rd8 42.d7+ Kc7 43.Qe5+ Kb6
44.Qd4+ Kb7 45.Rc5 Qh6 46.Qd5+ Kb6 47.Rc8 Qf6 48.b4  1-0

[Event "Catalunya-chT"]
[Site "Catalunya"]
[Date "1996.??.??"]
[Round "?"]
[White "Maroto Borras, Josep Lluis"]
[Black "Ferrer, Martin"]
[Result "1/2-1/2"]
[WhiteElo "2325"]
[BlackElo "2290"]

1.d4 Nf6 2.g3 g6 3.Bg2 Bg7 4.c4 O-O 5.Nf3 d6 6.O-O Nc6 7.Nc3 a6 8.d5 Na5
9.Qa4 c5 10.dxc6 Nxc6 11.Bf4 Bd7 12.Rac1 Rc8 13.Qa3 Na5 14.b3 b5 15.cxb5 axb5
16.Bd2 Rb8 17.Qb4 Nc6 18.Qh4 Qb6 19.Ng5 h5 20.Be3 Qa6 21.Rfd1 Ne5 22.Bd4 b4
23.Bxe5 dxe5 24.Nd5 Nxd5 25.Bxd5 Bb5 26.Qxb4 e6 27.Bc4 Bxc4 28.Qxc4 Qxa2
29.Rd7 Bh6 30.Nxe6 Bxc1 31.Nxf8 Rxf8 32.Qxc1 Qxb3 33.Qd2  1/2-1/2

[Event "Ceske Budejovice op"]
[Site "Ceske Budejovice"]
[Date "1996.??.??"]
[Round "4"]
[White "Rapoport, Igor"]
[Black "Kubikova, Hana"]
[Result "1-0"]
[WhiteElo "2300"]
[BlackElo "2180"]

1.d4 Nf6 2.Nf3 g6 3.c4 Bg7 4.g3 O-O 5.Bg2 d6 6.O-O Nbd7 7.Nc3 e5 8.h3 Re8
9.e4 exd4 10.Nxd4 Nc5 11.Re1 a5 12.Rb1 c6 13.b3 Nfd7 14.Be3 Ne5 15.Re2 Ne6
16.Rd2 Nxd4 17.Bxd4 f5 18.f4 Nf7 19.Bxg7 Kxg7 20.Kh2 Qf6 21.Rc1 Be6 22.c5 dxc5
23.e5 Qe7 24.Na4 Rad8 25.Nxc5 h5 26.h4 Kh7 27.Bf3 Kg7 28.Nxe6+ Qxe6 29.Rc4 Qe7
30.Rcd4 Rxd4 31.Rxd4 Rd8 32.e6 Nd6 33.Qe1 Ne4 34.Rxd8 Qxd8 35.Bxe4 fxe4 36.Qxe4 Qd2+
37.Kg1 Qd1+ 38.Kh2 Qd2+ 39.Kh3 Kf6 40.Qe5+ Ke7 41.Qg7+ Kxe6 42.Qxg6+ Kd7
43.Qxh5 Qxa2 44.Qf7+ Kc8 45.h5 Qb1 46.Kh4  1-0

[Event "Ceske Budejovice op"]
[Site "Ceske Budejovice"]
[Date "1996.??.??"]
[Round "6"]
[White "Rapoport, Igor"]
[Black "Belaska, Premysl"]
[Result "1-0"]
[WhiteElo "2300"]
[BlackElo "2240"]

1.d4 Nf6 2.Nf3 g6 3.c4 Bg7 4.g3 O-O 5.Bg2 d6 6.O-O a6 7.Nc3 Nc6 8.h3 Rb8
9.Bg5 h6 10.Be3 b5 11.Nd2 Bd7 12.Rc1 Nh7 13.cxb5 axb5 14.d5 Nd4 15.Nb3 Nf5
16.Bd2 b4 17.e4 bxc3 18.bxc3 Ng5 19.exf5 Bxf5 20.h4 Ne4 21.Nd4 Nxd2 22.Nc6 Qe8
23.Re1 Bf6 24.Nxb8 Nc4 25.Bf1 Nb2 26.Qd2 Qxb8 27.g4 Bxg4 28.Rb1 Qc8 29.Rxb2 Qf5
30.Rb4 Bxh4 31.Qf4 Qxf4 32.Rxf4 f5 33.a4 Bf6 34.Rc4 Ra8 35.Kg2 g5 36.Be2 Bxe2
37.Rxe2 Kf7 38.Rb2 Ra7 39.Rb8 e6 40.Rc8 exd5 41.R4xc7+ Rxc7 42.Rxc7+ Ke6
43.a5 d4 44.a6  1-0

[Event "Ceske Budejovice op"]
[Site "Ceske Budejovice"]
[Date "1996.??.??"]
[Round "8"]
[White "Rapoport, Igor"]
[Black "Karner, Christoph"]
[Result "1-0"]
[WhiteElo "2300"]
[BlackElo "2180"]

1.d4 Nf6 2.Nf3 g6 3.c4 Bg7 4.g3 O-O 5.Bg2 d6 6.O-O Nbd7 7.Nc3 e5 8.h3 Re8
9.e4 exd4 10.Nxd4 a6 11.Re1 Rb8 12.Be3 c5 13.Nc2 Ne5 14.b3 b5 15.f4 Ned7
16.Qd3 b4 17.Na4 Bb7 18.e5 Bxg2 19.Kxg2 dxe5 20.fxe5 Rxe5 21.Bf4 Rxe1 22.Nxe1 Nh5
23.Rd1 Bd4 24.Nf3 Nxf4+ 25.gxf4 Qe7 26.Nxd4 cxd4 27.Rd2 Nf6 28.Qxd4 Re8 29.Nb6 Qe1
30.Qf2 Qe6 31.Qd4 Qf5 32.Rf2 Re4 33.Qd2 Qc5 34.Qd8+ Ne8 35.Nd5 Re6 36.f5 gxf5
37.Rxf5 Qf8 38.Kf1 h6 39.c5 Kh8 40.Nf4 Re4  1-0

[Event "Cetinje"]
[Site "Cetinje"]
[Date "1996.??.??"]
[Round "?"]
[White "Blagojevic, Dragisa"]
[Black "Popovic, Mladen"]
[Result "1-0"]
[WhiteElo "2450"]
[BlackElo "2305"]

1.d4 Nf6 2.c4 g6 3.Nf3 Bg7 4.g3 O-O 5.Bg2 d6 6.Nc3 Nc6 7.d5 Ne5 8.Nxe5 dxe5
9.O-O Ne8 10.b3 f5 11.Bb2 Bd7 12.Qd2 c5 13.dxc6 Bxc6 14.Bd5+ Bxd5 15.Qxd5+ Qxd5
16.Nxd5 e6 17.Nc3 e4 18.Rad1 Be5 19.f3 Nf6 20.Rd2 exf3 21.exf3 Rad8 22.Rfd1 Rxd2
23.Rxd2 a6 24.Kf2 g5 25.Ke2 h5 26.Na4 Bxb2 27.Nxb2 e5 28.Nd3 Nd7 29.Nf2 Rf7
30.h3 Re7 31.g4 fxg4 32.hxg4 hxg4 33.Nxg4 Kg7 34.Ke3 Nf6 35.Nxf6 Kxf6 36.Ke4 Re6
37.Rd7 b6 38.b4 Rc6 39.Kd5 Re6 40.c5 bxc5 41.bxc5  1-0

[Event "Cetinje"]
[Site "Cetinje"]
[Date "1996.??.??"]
[Round "?"]
[White "Kirov, Nino"]
[Black "Zimmerman, Yuri"]
[Result "1/2-1/2"]
[WhiteElo "2435"]
[BlackElo "2430"]

1.Nf3 g6 2.d4 Bg7 3.g3 Nf6 4.Bg2 O-O 5.c4 d6 6.O-O Nc6 7.Nc3 a6 8.d5 Na5
9.Nd2 c5 10.Rb1 Rb8 11.b3 b5  1/2-1/2

[Event "Cetinje"]
[Site "Cetinje"]
[Date "1996.??.??"]
[Round "?"]
[White "Tregubov, Pavel V"]
[Black "Miljanic, Boro"]
[Result "0-1"]
[WhiteElo "2470"]
[BlackElo "2410"]

1.d4 Nf6 2.Nf3 g6 3.c4 Bg7 4.g3 O-O 5.Bg2 d6 6.O-O Nbd7 7.Nc3 e5 8.e4 exd4
9.Nxd4 Re8 10.h3 Nc5 11.Re1 Bd7 12.Rb1 h6 13.f3 a5 14.b3 Qc8 15.g4 h5 16.Be3 hxg4
17.hxg4 Nh7 18.Qd2 Qd8 19.Nde2 Bc6 20.Nd5 Be5 21.g5 Bg7 22.Ng3 f6 23.gxf6 Nxf6
24.Rbd1 Ne6 25.Bh3 Nf8 26.Re2 Bd7 27.Rh2 Bxh3 28.Rxh3 c6 29.Nb6 Ra6 30.Qxd6 Qxd6
31.Rxd6 N6h7 32.Kg2 Be5 33.Rd2 Ne6 34.Ne2 Nhg5 35.Rh6 Kg7 36.Rd7+ Kxh6 37.c5 Rf8
38.Nc4 Nf4+ 39.Kf1 Nxe2 40.Nxe5 Nf4 41.Re7 Raa8 42.Nd7 Nfe6 43.Nxf8 Rxf8
44.Ke2 Kh5 45.Rxb7 Nxf3 46.Re7 Nfg5 47.Bd2 Kg4 48.Bxa5 Ra8 49.b4 Nxc5 50.Ke3 Nce6
51.a3 Rh8 52.Kd3 Rh3+ 53.Kc4 Rxa3 54.Bb6 Kf4 55.Re8 Kxe4  0-1

[Event "ARG-ch sf"]
[Site "Chaco"]
[Date "1996.??.??"]
[Round "?"]
[White "Scarella, Enrique"]
[Black "Servat, Roberto"]
[Result "1/2-1/2"]
[WhiteElo "2330"]
[BlackElo "2440"]

1.Nf3 Nf6 2.c4 g6 3.d4 Bg7 4.g3 O-O 5.Bg2 d6 6.Nc3 Nc6 7.O-O e5 8.d5 Ne7
9.c5 Ne8 10.cxd6 cxd6 11.a4 h6 12.Nd2 f5 13.Nc4 g5 14.Bd2 e4 15.Qb3 Kh8 16.Rfd1 Ng6
17.Nb5 Ne5 18.Bc3 Nxc4 19.Qxc4 Bd7 20.Rac1 Bxb5 21.Bxg7+ Kxg7 22.axb5 Qb6
23.Qd4+ Nf6 24.f3 exf3 25.exf3 Rac8 26.Qxb6 axb6 27.Bf1  1/2-1/2

[Event "Capablanca mem-B"]
[Site "Cienfuegos"]
[Date "1996.??.??"]
[Round "9"]
[White "Alonso, Rene"]
[Black "Pecorelli Garcia, Humberto"]
[Result "1/2-1/2"]
[WhiteElo "2425"]
[BlackElo "2430"]

1.d4 Nf6 2.c4 g6 3.Nf3 Bg7 4.g3 O-O 5.Bg2 d6 6.O-O Nbd7 7.Nc3 e5 8.h3 c6
9.e4 exd4 10.Nxd4 Re8 11.Be3 Nc5 12.Qc2 Qe7 13.Rfe1 Bd7 14.Rad1 Rad8 15.b4 Ne6
16.Nf3 b6 17.e5  1/2-1/2

[Event "Capablanca mem-C"]
[Site "Cienfuegos"]
[Date "1996.??.??"]
[Round "9"]
[White "Ross, David"]
[Black "Matamoros Franco, Carlos S"]
[Result "1/2-1/2"]
[WhiteElo "2355"]
[BlackElo "2430"]

1.Nf3 Nf6 2.g3 g6 3.Bg2 Bg7 4.d4 O-O 5.c4 d6 6.Nc3 Nbd7 7.O-O e5 8.e4 c6
9.h3 Ne8 10.Rb1 f5 11.exf5 gxf5 12.d5 c5 13.Ng5 Nc7 14.Ne6 Nxe6 15.dxe6 Nb6
16.Nb5 Bxe6 17.Nxd6 Qe7 18.b4 cxb4 19.c5 Nd7 20.Rxb4 Nxc5 21.Be3 a5 22.Rb5 Nd7
23.Rxb7 Rab8 24.Rc7 e4 25.Bf4 Qf6 26.Nb7 Ne5 27.Nc5 Nd3 28.Rxg7+ Kxg7 29.Bxb8 Rxb8  1/2-1/2

[Event "Capablanca mem-C"]
[Site "Cienfuegos"]
[Date "1996.??.??"]
[Round "11"]
[White "Ross, David"]
[Black "Moreno, Alejandro"]
[Result "1/2-1/2"]
[WhiteElo "2355"]
[BlackElo "2420"]

1.d4 Nf6 2.Nf3 g6 3.g3 Bg7 4.Bg2 O-O 5.c4 d6 6.Nc3 c6 7.O-O Qa5 8.h3 Be6
9.Qd3 Qa6 10.b3 d5 11.Ne5 dxc4 12.Nxc4  1/2-1/2

[Event "Politiken Cup"]
[Site "Copenhagen"]
[Date "1996.??.??"]
[Round "7"]
[White "Madsen, Dag"]
[Black "Bekker Jensen, Simon"]
[Result "1/2-1/2"]
[WhiteElo "2325"]
[BlackElo "2215"]

1.d4 Nf6 2.c4 g6 3.g3 Bg7 4.Bg2 O-O 5.Nf3 d6 6.O-O Nbd7 7.Nc3 e5 8.e4 exd4
9.Nxd4 Re8 10.Re1 a6 11.h3 Rb8 12.Rb1 Nc5 13.Qc2 Nfxe4 14.Nxe4 Bxd4 15.Bg5 Qd7
16.Nf6+ Bxf6 17.Bxf6 h6 18.b4 Ne6 19.h4 b6 20.h5 Kh7 21.Bb2 Bb7 22.hxg6+ fxg6
23.Bd5 Bxd5 24.cxd5 Ng5 25.Qc3 Ne4 26.Qd4 Ng5 27.Qf6 Ne4 28.Qf4 Ng5  1/2-1/2

[Event "CZE-chT 9596"]
[Site "?"]
[Date "1996.??.??"]
[Round "1"]
[White "Smejkal, Jan"]
[Black "Mrva, Martin"]
[Result "1-0"]
[WhiteElo "2510"]
[BlackElo "2385"]

1.Nf3 g6 2.c4 Bg7 3.d4 Nf6 4.g3 O-O 5.Bg2 d6 6.Nc3 Bg4 7.O-O Qc8 8.Bg5 h6
9.Bxf6 exf6 10.Qd2 Re8 11.Rfe1 Nc6 12.Rac1 f5 13.e3 g5 14.d5 Ne7 15.Nd4 c5
16.dxc6 bxc6 17.b4 a6 18.b5 axb5 19.cxb5 c5 20.Nc6 Nxc6 21.bxc6 Bxc3 22.Rxc3 Qc7
23.h3 Bh5 24.Rb3 Rab8 25.Reb1 f4 26.Rxb8 Rxb8 27.Rb7 Rxb7 28.cxb7 f3 29.Qb2 Qb8
30.Qb6 fxg2 31.Qc6 Bf3 32.Qc8+ Qxc8 33.bxc8=Q+  1-0